000 01168nam a2200301 a 4500
001 ebr10627200
003 CaPaEBR
006 m u
007 cr cn|||||||||
008 121212s2013 si a sb 001 0 eng d
020 _z9781118504031
020 _z9781118504048 (e-book)
040 _aCaPaEBR
_cCaPaEBR
035 _a(OCoLC)823727285
050 1 4 _aKBP920
_b.S25 2013eb
100 1 _aSaleem, Muhammad Yusuf.
245 1 0 _aIslamic commercial law
_h[electronic resource] /
_cMuhammad Yusuf Saleem.
260 _aSingapore :
_bJohn Wiley & Sons Singapore Pte. Ltd.,
_c2013.
300 _axii, 176 p. :
_bill.
490 1 _aWiley finance
504 _aIncludes bibliographical references and index.
533 _aElectronic reproduction.
_bPalo Alto, Calif. :
_cebrary,
_d2011.
_nAvailable via World Wide Web.
_nAccess may be limited to ebrary affiliated libraries.
650 0 _aCommercial law (Islamic law)
655 7 _aElectronic books.
_2local
710 2 _aebrary, Inc.
830 0 _aWiley finance series.
856 4 0 _uhttp://site.ebrary.com/lib/rucke/Doc?id=10627200
_zAn electronic book accessible through the World Wide Web; click to view
999 _c50294
_d50294